Регионална библиотека "Любен Каравелов" - Русе

Райетата на тигърчето Макс (Запис номер 323594)

MARC детайли
000 -Лидер
Контролно поле с фиксирана дължина 01029aaa a2200289 a 4500
003 - Код на организацията, давaща контролен номер
Контролно поле BLK
005 - Дата и час на последна редакция
Контролно поле 20250623125459.0
008 - Елементи от данни с фиксирана дължина
fixed length control field 180807b bul||||| |||| 00| 0 bul d
020 ## - Международен стандартен номер на книга ISBN
Международен стандартен номер на книга ISBN 9786191993314
040 ## - Източник на каталожния запис
Идентификатор на билиотеката - собственик на записа BLK
041 ## - Код за език
Код за езика на текст/звукозапис или на отделно заглавие Български
Код за езика КДБФ Български
080 ## - УДК
Текстов определител УДК Немска литература
УДК код - определител по УДК 821.112.2
УДК - код + определител 821.112.2-93-94
100 ## - Редна дума - Автор
Автор Кремер, Марина
Авторска отговорност първи автор
R(LIN) 1299
139 ## - Редно поле
Редна дума Кремер, Марина
Авторски знак Кре - К 90
245 ## - Сведения за заглавието
Заглавие Райетата на тигърчето Макс
Редно поле (дума) Марина Кремер ; прев. Мила Петрова
257 ## - Страна на издаване
Страна на създаване/издаване Германия
260 ## - Област на издателските данни
Име на издателя, разпространителя и проч. Фют
Година на издаване 2018
Място на издаване, разпространение и проч. София
300 ## - Физическа характеристика
Страници 28 с.
Илюстрации и др. с ил.
Размери/Мащаб 28 см
380 ## - Жанр
Жанр Детска худож. лит.
490 ## - СЕРИИ (Колекции)
9 (RLIN) 389535
Име на серия Тигърчето Макс и неговите приятели
700 ## - Други автори (авторска отговорност)
9 (RLIN) 384109
Лично име Петрова, Мила Георгиева
Автороска отговорност (Описва отношението между автора и произведението) прев. от нем.
852 ## - Местоположение
Форматна сигнатура Цб ІІ 23174
999 ## - СИСТЕМНИ КОНТРОЛНИ НОМЕРА
Koha biblionumber 323594
Koha biblioitemnumber 323594
942 ## - АРТИКУЛИ
Вид на библиотечния материал Книги
Източник на класификационната схема Universal Decimal Classification
Скрит в OPAC Не
Koha issues (borrowed), all copies 46
999 ## - СИСТЕМНИ КОНТРОЛНИ НОМЕРА
Koha biblioitemnumber 323594
999 ## - СИСТЕМНИ КОНТРОЛНИ НОМЕРА
Koha biblioitemnumber 323594
944 ## - СЪЗДАВАНЕ И РЕДАКЦИЯ на ЗАПИСА
Служител, извършил регистрацията/редакцията 30551
Статус, дата на статуса Бояна Костадинова
Наличности
Код за отписване Код за изгубен артикул Източник на класификационната схема Код за повреда Коз за рестрикции Код за отдаване Артикулен № Име на библиотеката - собственик Име на библиотеката, в която се намира в момента Статус (Текущо местоположение) Дата на вписване в системата Местоположение - отдел Цена в лева Инвентарен номер Систематично азбучна сигнатура Баркод Цена в евро Служебен тип на артикула
  Не е изгубен Universal Decimal Classification Не е повреден без рестрикции заемане за дома 678768 Регионална библиотека "Любен Каравелов" Русе Регионална библиотека "Любен Каравелов" Русе Детски отдел 2018-08-02 Детски отдел 3.19 120000822129 ДХ 820/899/К 90 120000822129 1.63 Книги
  Не е изгубен Universal Decimal Classification Не е повреден без рестрикции заемане за дома 678769 Регионална библиотека "Любен Каравелов" Русе Регионална библиотека "Любен Каравелов" Русе Детски отдел 2018-08-02 Детски отдел 3.19 120000822128 ДХ 820/899/К 90 120000822128 1.63 Книги
  Не е изгубен Universal Decimal Classification Не е повреден без рестрикции ползва се в читалня 686479 Регионална библиотека "Любен Каравелов" Русе Регионална библиотека "Любен Каравелов" Русе Хранилище 2018-12-13 Хранилище 3.99   Цб ІІ 23174 120000827458 2.04 Книги
Vip Innovations Ltd, Rousse, Bulgaria 2025